Ergonomie pracovního místa pro osoby zdravotně postižené

Bibliographic Details
Main Authors: Gilbertová, Sylva (Author), Marek, Jakub, 1984- (Author)
Format: Article
Language:Slovak
Czech
PhysicalDescription:Obr.
ISSN:1335-7018
Subjects:

MARC

LEADER 00000nab a2200000 a 4500
001 vtls010124054
003 SK-MaSNL
005 20260305042030.0
008 250507c2010 xo ||||||||||||00 b|slo
015 |a SNBRB2010/08  |2 snkbucl 
035 |a (uuid)e3c27958-9caf-4948-8591-47ed365e49f2 
035 |a urn:nbn:sk:snk-ab9hmk 
035 |a (urnnbn)urn:nbn:sk:snk:ar-a08ez9 
038 |a SNKBUCL 
040 |a SNKBUCL  |b slo  |c SNKBUCL  |e AACR2 
041 0 |a cze 
044 |a xo  |c SK 
080 |a 331.4-056.26/.3  |2 1997 
080 |a 331.101.1-056.26/.3  |2 1997 
100 1 |a Gilbertová, Sylva  |4 aut  |9 642138 
245 1 0 |a Ergonomie pracovního místa pro osoby zdravotně postižené  |c Sylva Gilbertová, Jakub Marek 
300 |b Obr. 
650 0 7 |a pracoviská  |2 snkbucl  |9 289277 
650 0 7 |a zdravotne postihnuté osoby  |2 snkbucl  |9 1249 
650 0 7 |a ergonómia  |2 snkbucl  |9 19132 
700 1 |a Marek, Jakub,  |d 1984-  |4 aut  |9 234563 
773 0 |t Stolársky magazín  |g Roč. 11, č. 6 (2010), s. 60-61  |x 1335-7018 
850 |a Slovenská národná knižnica 
852 |a Slovenská národná knižnica 
958 |a article13 
958 |a OND 
958 |a EUIPO 
999 |c 3345985  |d 3347915